Państwa produkujące najwięcej zanieczyszczeń plastikiem - Statystyki

Ogólne statystyki
  • Ten quiz został rozwiązany 13 949 razy
  • Średni wynik to 12 z 20
Statystyki odpowiedzi
% całości Państwo % Poprawnych
27.7 Chiny
97%
0.86 Stany Zjednoczone
97%
1.88 Indie
89%
1.48 Brazylia
79%
10.1 Indonezja
66%
1.98 Republika Południowej Afryki
66%
3.04 Egipt
63%
5.76 Wietnam
59%
1.51 Pakistan
58%
2.47 Bangladesz
56%
3.23 Tajlandia
56%
1.53 Turcja
54%
2.67 Nigeria
51%
2.94 Malezja
47%
5.92 Filipiny
46%
1.63 Algieria
45%
0.97 Maroko
45%
1.44 Mjanma
39%
0.96 Korea Północna
34%
5.00 Sri Lanka
25%
Nie znaleziono quizów pasujących do podanych kryteriów
Rozkład punktacji
Procent ludzi z każdym wynikiem
Percentyl według liczby udzielonych odpowiedzi
Twoja historia wyników
Nie rozwiązałeś tego quizu